Factors leading to drug abuse: A case study on residential client at navakiran rehabilitation centre of kathmandu.
ABSTRACT: NA.
保存先:
| 第一著者: | |
|---|---|
| フォーマット: | 不明 |
| 言語: | English |
| 出版事項: |
c2004.
|
| 主題: | |
| オンライン・アクセス: | Visit NHRC Library |
| タグ: |
タグ追加
タグなし, このレコードへの初めてのタグを付けませんか!
|
| LEADER | 00891 a2200253 4500 | ||
|---|---|---|---|
| 003 | OSt | ||
| 005 | 20220906184547.0 | ||
| 008 | 191201b ||||| |||| 00| 0 eng d | ||
| 952 | |0 0 |1 0 |2 NLM |4 0 |6 THS_00121_KHA_2004_000000000000000 |7 0 |9 602 |a NHRC |b NHRC |d 2012-07-16 |l 0 |o THS-00121/KHA/2004 |p THS-00121 |r 2012-07-16 |w 2012-07-16 |y TR | ||
| 999 | |c 596 |d 596 | ||
| 060 | |a THS-00121 | ||
| 100 | |a Khadka, Ganesh Kumar. |9 1765 | ||
| 245 | |a Factors leading to drug abuse: A case study on residential client at navakiran rehabilitation centre of kathmandu. | ||
| 260 | |c c2004. | ||
| 300 | |a 18p. : | ||
| 500 | |a Thesis Report. | ||
| 520 | |a ABSTRACT: NA. | ||
| 546 | |a Eng. | ||
| 650 | |a Drug abuse. |9 3205 | ||
| 650 | |a Residential Client. |9 3206 | ||
| 650 | |a Navakiran Rehabilitation Center. |9 3207 | ||
| 650 | |a Kathmandu. |9 888 | ||
| 856 | |u http://nhrc.gov.np/contact/ |y Visit NHRC Library | ||
| 942 | |2 NLM |c TR | ||